| 000 | 00425cam a2200157ua 4500 | ||
|---|---|---|---|
| 041 |
_aeng _h |
||
| 082 |
_a515.6124 _bYAN/AP |
||
| 100 | _aYang, Won Young etal . | ||
| 245 |
_aApplied numerical methods using matlab / _cWon Young Yang. _hTextual Documents |
||
| 260 |
_aNew York : _bWiley Interscience publications , _c2006. |
||
| 300 | _a ; . | ||
| 504 | _a | ||
| 942 | _cBK | ||
| 999 |
_c12977 _d12977 |
||